01716nam a2200217Ia 4500001000400000008004100004010000800045041001400053082001400067245016900081260001800250300000800268520000600276630002100282630001800303630002700321650006700348700002900415700004000444520101400484735241029s9999 xx 000 0 und d a662 aEspañol aNO APLICA 0aNivel De Alfabetización Digital En La Carrera De Enfermería, De La Universidad Adventista Dominicana, Extensión Santo Domingo, Durante El Período 2012-2013. aSanto Domingo a104 a6 aAlfabetización aSalud Escolar aTecnología Educativa aTecnología de la Información y de la Comunicación (TICs) easesora Amador, Solanyi eautoraTorres Bernard, Elvis Ariel  aEl propósito general de esta investigación, es determinar el nivel de alfabetización digital en la carrera de enfermería de la Universidad Adventista Dominicana, extensión SantoDomingo, durante el periodo 2012-2013.Las preguntas de investigación son: ¿Qué habilidades en el uso de las Tecnologías de la Información, poseen los estudiantes que ingresan a la Universidad AdventistaDominicana en su carrera de enfermería? ¿Cuáles son los recursos utilizados por  lumnos y docentes?¿Cuál es la actitud de los estudiantes y docentes frente al uso de la tecnología? ¿De qué forma la universidad, puede ayudar a resolver el problema?La muestra está compuesta por 164 estudiantes y 10 docentes. El método utilizado es descriptivo. La técnica usada es la encuesta. Se concluyó que la mayoría de los encuestados poseen manejo en uso de correo electrónico y tienen actitud positiva hacia la tecnología.  Se recomienda a la universidad cursos talleres extra curriculares.